AAS membership directory 2000 (Record no. 13342)

MARC details
000 -LEADER
fixed length control field 00517nam a2200169Ia 4500
003 - CONTROL NUMBER IDENTIFIER
control field IN-BaIIA
008 - FIXED-LENGTH DATA ELEMENTS--GENERAL INFORMATION
fixed length control field 211028s9999 xx 000 0 eng d
040 ## - CATALOGING SOURCE
Transcribing agency IIA Library
080 ## - UNIVERSAL DECIMAL CLASSIFICATION NUMBER
Universal Decimal Classification number 058.7:52
Item number AAS
110 ## - MAIN ENTRY--CORPORATE NAME
Corporate name or jurisdiction name as entry element American Astronomical Society
9 (RLIN) 4342
245 #0 - TITLE STATEMENT
Title AAS membership directory 2000
Statement of responsibility, etc. American Astronomical Society
260 ## - PUBLICATION, DISTRIBUTION, ETC.
Place of publication, distribution, etc. Washington
Name of publisher, distributor, etc. American Astronomical Society
Date of publication, distribution, etc. 2000
300 ## - PHYSICAL DESCRIPTION
Extent 285p.
650 ## - SUBJECT ADDED ENTRY--TOPICAL TERM
Topical term or geographic name entry element astronomers
9 (RLIN) 4625
650 ## - SUBJECT ADDED ENTRY--TOPICAL TERM
Topical term or geographic name entry element directory
9 (RLIN) 567
942 ## - ADDED ENTRY ELEMENTS (KOHA)
Koha item type Books
Holdings
Withdrawn status Lost status Damaged status Not for loan Home library Current library Shelving location Date acquired Total Checkouts Full call number Barcode Date last seen Price effective from Koha item type
        IIA Library-Bangalore IIA Library-Bangalore General Stacks     058.7:52/AAS 14261 05/11/2021   Books

Powered by Koha